000 00263nam a22001097a 4500
008 250107b |||||||| |||| 00| 0 eng d
100 _aD C Tayal
245 _aPrinciples of Electronics
260 _aDelhi
_bHimalaya Pub
_c1988
300 _a262
942 _2ddc
_cBK
999 _c21064
_d21064